| 000 | 00677cam a2200205 a 4500 | ||
|---|---|---|---|
| 008 | 100407s2010 pk b 001 0 eng | ||
| 020 | _a9780195477313 | ||
| 025 | _aP-E-2010340633; 28 | ||
| 040 |
_aDLC _cDLC |
||
| 082 | _2954.91 | ||
| 100 | 1 | _aNiaz, Ilhan. | |
| 245 | 1 | 4 |
_aThe culture of power and governance of Pakistan 1947-2008 _cIlhan Niaz. |
| 260 |
_aKarachi : _bOxford University Press, _c2010. |
||
| 300 |
_axiv, 320 p. ; _c23 cm. |
||
| 504 | _aIncludes bibliographical references (p. [291]-312) and index. | ||
| 650 | 0 |
_aBureaucracy _zPakistan. |
|
| 650 | 0 |
_aCivil-military relations _zPakistan. |
|
| 651 | 0 |
_aPakistan _xPolitics and government. |
|
| 942 |
_2ddc _cBK |
||
| 999 |
_c11500 _d11500 |
||